01008nam a2200277Ia 4500003000400000005001700004006001800021007000300039008004100042024001100083037001100094040001800105041001300123100002400136110009500160245014400255260000900399300001800408650002100426700003400447700003500481700009500516942001200611999001900623952008800642OSt20220930081910.0a|||||r|||| 00| 0ta220926b |||||||| |||| 00| 0 eng d a109260 cTheses aCRLcCRLbeng 2engaeng aBehl Deepti9542310 aUniversity of Delhi. Faculty of Medical Sciences. Department of Obstetrics and Gynaecology 0aTo evaluate the effectiveness of vaginal misoprostol in cervical priming prior to hysteroscopy in peri menopausal and post menopausal women c2008 a91p.ap.ccm. aWOMEN - DISEASES a Dr. G. K. Sharma Gu.9538227 a Dr. S. S. Trivedi Gu.9532621 aUniversity of Delhi. Faculty of Medical Sciences. Department of Obstetrics and Gynaecology cDIS2CC c872189d872189 00104070aCRLbCRLd2022-09-30l0pTH0017532r2022-09-30 00:00:00w2022-09-30yTH